000 00687nam a2200229Ii 4500
003 JO-AjNU
008 230605s9999||||xx |||||||||||||| ||und||
017 _a2004/8/1887
020 _a9957-09-149-2
040 _aJO-AjNU
_bara
_erda
_cJO-AjNU
041 _aara
050 1 4 _aPJ7810.H51.Z21 2005
100 3 _aتأليف أمين، أحمد,
_eauthor
_937358
245 0 0 _aزمن كالضباب: قصص
250 _aط1
264 3 1 _aعمان:أزمنة للنشر والتوزيع،2005
300 _a147ص
336 _atext
_btxt
_2rdacontent
337 _aunmediated
_bn
_2rdamedia
338 _avolume
_bnc
_2rdacarrier
650 4 _aالأدب العربي - قصص
_937359
999 _aA15602
_c19170
_d19170